000 00431nam a2200205Ia 4500
001 13511
003 GE_BSU
008 181216s||||||||xx |||||||||||||| ||und||
020 _a0749313099
040 _cGE_BSU
080 _a821.111-32
100 _aPuzo,Mario.
245 4 _aThe Dark Arena.
260 _aLondon.
260 _bMandarin.
260 _c1955
300 _a307p;18cm.
653 _aThe Dark Arena.
942 _cBK
999 _c46670
_d46670